000 00328pam a2200145 a 4500
020 _c
041 _h
082 _a613
_bTHO
100 _aThomas, D B.
245 _aYour Baby
_hTextual Documents
260 _aBombay
_bA H Wheeler and Co Pvt Ltd
_c1985
300 _a60.
653 _aGeneral & Personal Hygiene
930 _a417
999 _c73731
_d73731